| 000 | 00645nam a2200205Ia 4500 | ||
|---|---|---|---|
| 003 | IN-BaIIA | ||
| 008 | 211028s9999 xx 000 0 eng d | ||
| 040 | _cIIA Library | ||
| 080 |
_a083.7:621.886.8 _bISI |
||
| 110 | _aIndian Standards Institution | ||
| 245 | 0 |
_aIndian standard specification parallel and keyways for machine tools _cIndian Standards Institution |
|
| 260 |
_aNew Delhi _bIndian Standards Institution _c1976 |
||
| 300 | _a5p. | ||
| 500 | _aIS 2710 : 1975 | ||
| 650 |
_a Machine Tools-Standards _99239 |
||
| 650 |
_a Parallel Keys-Standards _99240 |
||
| 650 | _a Standards | ||
| 650 | _aNASA Thesaurus | ||
| 942 | _cBK | ||
| 999 |
_c5248 _d5248 |
||